| 000 | 00671cam a2200205u 4500 | ||
|---|---|---|---|
| 001 | 9742054 | ||
| 003 | ARRUPE | ||
| 005 | 20241017142111.0 | ||
| 008 | 830108s1944 dcu 000 0beng | ||
| 010 | _aa 45001673 | ||
| 040 |
_aDLC _cCarP _dDLC |
||
| 050 | 0 | 0 |
_aB765.D74 _bG76 1944 |
| 100 | 1 |
_aGrajewski, Maurice J. _q(Maurice John), _d1916- _925360 |
|
| 245 | 1 | 4 | _aThe formal distinction of Duns Scotus; |
| 260 |
_aWashington, D.C., _bThe Catholic university of America press, _c1944. |
||
| 300 |
_axv, 211 p. _c23 cm. |
||
| 600 | 2 | 0 |
_aDuns Scotus, John, _dapproximately 1266-1308. _96822 |
| 906 |
_a0 _bcbc _cpremunv _du _encip _f19 _gy-gencatlg |
||
| 942 |
_2lcc _cMONOGRAPH |
||
| 999 |
_c131949 _d131949 |
||